00462nam a22001577a 450000500170000000800410001704100130005808200190007110000400009024500820013026000300021230000190024265000150026165000110027665000170028720230503132238.0160108b2013 xxu||||| |||| 00| 0 spa d aESPaING aR 330.03 C212d aCabanellas de las Cuevas, Guillermo aDiccionario bancario= Banking dictionary: español-inglés= english-spanish aArgentinabHeliastac2013 a512 páginas  aECONOMÍA aBANCOS aDICCIONARIO